000 00872nas a2200265 4500
001 BR2017001358
003 BR-BrBNA
005 20231205130935.0
007 ta
008 230509b bl.|||p| |||| 00| 00por d
040 _aBR-BrBNA
_bpor
_cBiblioteca Nacional de Agricultura
041 _a(Pt)
072 _aL51
100 1 _aSilva Junior, A. da
245 1 _aInterações químico-fisiolóficas entre acidificantes, probióticos, enzimas e lisofosfolipídios na digestão de leitões
650 _aLEITÃO
650 _aABSORÇÃO DE NUTRIENTES
650 _aBIOQUÍMICA
650 _aDIGESTIBILIDADE
650 _aÁCIDO ORGÂNICO
650 _aENZIMA
773 0 _tRevista Brasileira de Zootecnia (Brazil)
_xISSN 1516-3598
_g(Jul 2009), v. 38(special suppl.) p. 238-245
_wBR2017001358
909 _a202311
_bLúcia
_c55
_dLúcia Elande
942 _2AGRIS
_n0
_cANA
999 _c252164
_d252164